Why Growth Matters (Record no. 349657)

000 -LEADER
fixed length control field 00586nam a22001937a 4500
003 - CONTROL NUMBER IDENTIFIER
control field OSt
005 - DATE AND TIME OF LATEST TRANSACTION
control field 20180116182956.0
008 - FIXED-LENGTH DATA ELEMENTS--GENERAL INFORMATION
fixed length control field 140422b xxu||||| |||| 00| 0 eng d
020 ## - INTERNATIONAL STANDARD BOOK NUMBER
International Standard Book Number 10987654321
040 ## - CATALOGING SOURCE
Original cataloging agency 0
Transcribing agency 0
Modifying agency 0
082 ## - DEWEY DECIMAL CLASSIFICATION NUMBER
Classification number 339.460954 BHA 2013
100 ## - MAIN ENTRY--PERSONAL NAME
Personal name Jagdish Bhagwati
245 ## - TITLE STATEMENT
Title Why Growth Matters
Remainder of title How Economic Growth in india Reduced Poverty and The Lessons for Other Developing Countries
Statement of responsibility, etc. Jagdish Bhagwati
260 ## - PUBLICATION, DISTRIBUTION, ETC.
Place of publication, distribution, etc. New York
Name of publisher, distributor, etc. Public Affairs
Date of publication, distribution, etc. 2013
300 ## - PHYSICAL DESCRIPTION
Extent 280p
Other physical details HB
440 ## - SERIES STATEMENT/ADDED ENTRY--TITLE
Title Why Growth Matters
600 ## - SUBJECT ADDED ENTRY--PERSONAL NAME
Personal name Jagdish Bhagwati
942 ## - ADDED ENTRY ELEMENTS (KOHA)
Source of classification or shelving scheme
Koha item type Book
Holdings
Withdrawn status Lost status Source of classification or shelving scheme Damaged status Not for loan Collection code Permanent Location Current Location Shelving location Date acquired Total Checkouts Full call number Barcode Date last seen Date last checked out Price effective from Koha item type
            Central Library (CL) Central Library (CL) General Stacks 04/22/2014 1 339.460954 BHA 2013 NBSPS-115 05/21/2014 05/21/2014 04/22/2014 Book
© 2023 Central Library, National University of Sciences and Technology. All Rights Reserved.